000
00307 a2200133 4500
000
nam a22 7a 4500
100
_a
Misra, R N
110
_a
Misra, R N
245
_a
Practical Geography
250
_a
Latest edition
260
_b
Pareek Publications
264
_b
Pareek Publications
942
_c
BK
999
_c
396844
_d
396844